[Event "GER-chT School WK GS"]
[Site "Playchess.com INT"]
[Date "2020.06.18"]
[Round "5.1"]
[White "Ehrath, Hendrik"]
[Black "Eistert, Paul"]
[Result "1-0"]
[WhiteElo "1766"]
[BlackElo "1519"]
[PlyCount "25"]
[EventDate "2020.06.11"]
[EventType "team-swiss (blitz)"]
[EventRounds "7"]
[EventCountry "GER"]
[SourceTitle "EXT 2021"]
[Source "ChessBase"]
[SourceDate "2020.10.23"]
[SourceVersion "1"]
[SourceVersionDate "2020.10.23"]
[SourceQuality "1"]
[WhiteTeam "Sennewitz Sah"]
[BlackTeam "Berlin Alt Schmar"]
[WhiteTeamCountry "GER"]
[BlackTeamCountry "GER"]

1. e4 e5 2. Nf3 Nc6 3. Bc4 Nf6 4. Nc3 Bb4 5. a3 Bxc3 6. bxc3 Nxe4 7. d4 exd4 8. Nxd4 Qe7 9. 0-0 Kf8 10. Qd3 Nc5 11. Qf3 a6 12. Re1 Qd6 13. Qxf7# 1-0